Statistics for Never Grow Up (TV) - Taylor Swift (All Lyrics)

Click here to take the quiz!

General Stats

  • This quiz has been taken 18 times
  • The average score is 369 of 444

Answer Stats

Lyrics% Correct
a
100%
And
100%
and
100%
grow
100%
I
100%
never
100%
(Never
100%
up)
100%
up
100%
up,
100%
do
92%
don't
92%
Don't
92%
in,
92%
In
92%
in
92%
it
92%
Just
92%
just
92%
little
92%
oh
92%
Oh,
92%
Oh
92%
on
92%
So,
92%
so
92%
So
92%
To
92%
to
92%
when
92%
you
92%
You
92%
you,
92%
Your
92%
your
92%
all
85%
apartment
85%
be
85%
could
85%
ever
85%
home
85%
my
85%
new
85%
of
85%
off
85%
stay
85%
this
85%
will
85%
Won't
85%
won't
85%
around
77%
can't
77%
dad
77%
darling,
77%
drop
77%
everything
77%
finger
77%
for
77%
gets
77%
her
77%
I'd
77%
it's
77%
It's
77%
like
77%
me
77%
nightlight
77%
one
77%
remember
77%
Remember
77%
simple
77%
Take
77%
the
77%
too
77%
tuck
77%
turn
77%
want
77%
what
77%
big
69%
block
69%
break
69%
brother's
69%
childhood
69%
city,
69%
dance
69%
desert
69%
dropped
69%
everything's
69%
favorite
69%
footsteps,
69%
funny
69%
gettin'
69%
getting
69%
gonna
69%
grown
69%
have,
69%
have
69%
heart
69%
hurt
69%
is,
69%
let
69%
make
69%
Memorize
69%
mind
69%
no
69%
nobody
69%
older,
69%
one's
69%
pictures
69%
PJs
69%
ready
69%
room
69%
said
69%
school
69%
she's
69%
songs
69%
sounded
69%
that
69%
though
69%
try
69%
wanna
69%
way
69%
Wish
69%
words
69%
world
69%
wrapped
69%
you're
69%
You're
69%
am
62%
At
62%
burned
62%
But
62%
call
62%
car,
62%
'cause
62%
droppin'
62%
even
62%
gone
62%
hand's
62%
here
62%
If
62%
left
62%
lose
62%
mom's
62%
move
62%
movies
62%
much
62%
myself
62%
own
62%
quiet
62%
realized
62%
scarred
62%
someday,
62%
someday
62%
they
62%
tonight
62%
wait
62%
would
62%
colder
54%
dreaming
54%
eyelids
54%
flutter
54%
fourteen,
54%
give
54%
got
54%
honey
54%
mortified
54%
nothing
54%
Nothing's
54%
out
54%
Please,
54%
regret
54%
shots
54%
still
54%
than
54%
there's
54%
thought
54%

Score Distribution

Percentile by Number Answered

Percent of People with Each Score

Your Score History

You have not taken this quiz